Freeze Your Brain - Statistics

General Stats
  • This quiz has been taken 76 times
  • The average score is 147 of 287
Answer Stats
Answer % Correct
I
95%
A
90%
a
90%
You
88%
The
85%
Your
85%
to
80%
To
80%
Freeze
75%
Brain
73%
Be
70%
Go
70%
My
70%
No
70%
So
70%
Is
68%
It
68%
Of
68%
When
68%
Get
65%
In
65%
Dad
63%
On
63%
Start
63%
They
63%
You're
63%
10
60%
Blurry
60%
Highschools
60%
It's
60%
I've
60%
With
60%
7/11
58%
All
58%
Been
58%
Every
58%
Point
58%
Roots
58%
Through
58%
Can
55%
Don't
55%
Keeps
55%
Learn
55%
Packed
55%
Suitcases
55%
There
55%
Two
55%
Who
55%
Bother
53%
Den
53%
Faces
53%
Gone
53%
Hurry
53%
Matter
53%
Names
53%
Oasis
53%
Only
53%
Planting
53%
We
53%
And
50%
Concrete
50%
From
50%
Me
50%
Trust
50%
Cause
48%
Cocaine
48%
Does
48%
For
48%
Needs
48%
Pain
48%
Right
48%
This
48%
Boston
45%
Each
45%
Las Vegas
45%
Lost
45%
Slush
45%
Store
45%
That
45%
Time
45%
Despair
43%
Live
43%
Love
43%
Mom
43%
Same
43%
There's
43%
About
40%
Everything
40%
I'm
40%
Know
40%
Seems
40%
Frozen
38%
Pray
38%
Rush
38%
Sweet
38%
Comes
35%
Just
35%
Lived
35%
Straw
35%
Suck
35%
Yeah
35%
Care
33%
Formal
33%
Halfway
33%
Happiness
33%
Hit
33%
Linoleum
33%
Normal
33%
Now
33%
Numbs
33%
Was
33%
Alive
30%
At
30%
Cook
30%
Crap
30%
Eat
30%
Lawyer
30%
Learned
30%
Less
30%
Marry
30%
Not
30%
Pasta
30%
Pay
30%
Planning
30%
Rent
30%
Veronica
30%
We're
30%
Alter
28%
Mommy
28%
Sawyer
28%
Some
28%
Anymore
25%
Better
25%
College
25%
Doesn't
25%
Future
25%
World
25%
You'll
25%
Isles
23%
Owe
23%
Are
20%
But
20%
Cent
20%
Dead
20%
Head
20%
Hurt
20%
Ice
20%
Falls
18%
Fight
18%
Gonna
18%
More
18%
Sky's
18%
Building
15%
Off
15%
Open
15%
Says
15%
Try
15%
Voice
15%
Walls
15%
Eyes
13%
Shatter
13%
Shut
13%
SIght
13%
Tight
13%
'TIll
13%
Vanish
13%
Vein
13%
You'd
13%
Back
10%
Let
10%
Road
10%
Swim
10%
Forget
8%
Load
8%
Nothing
8%
Remain
8%
Six
8%
Skull
8%
Unburden
8%
Weeks
8%
No matching quizzes found
Score Distribution
Percent of People with Each Score
Percentile by Number Answered
Your Score History
You have not taken this quiz